Tratado de derecho electoral el nuevo orden político y electoral en Colombia (Registro nro. 45806)

Detalles MARC
000 -ENCABEZADO
Número de control [NR] 01044nam a2200265Ia 4500
008 - DE LONGITUD FIJA DE DATOS DE ELEMENTOS - INFORMACIÓN GENERAL
Elementos de longitud fija [NR] 130821s2004 ck gr spa
020 ## - NUMERO INTERNACIONAL NORMALIZADO PARA LIBROS [R]
Número Internacional Normalizado del libro [NR] 9586534065
040 ## - FUENTE DE CATALOGACION [NR]
Agencia de catalogación original [NR] Co-BoUCM
Idioma de catalogación [NR] spa
041 00 - CODIGO DE IDIOMA [R]
Código de idioma para texto/pista de sonido o título separado [R] Español
100 1# - ASIENTO PRINCIPAL--NOMBRE PERSONAL [NR]
Nombre personal [NR] Reyes Gonzalez, Guillermo Francisco.
ID Autoridad 58389
245 10 - MENCION DE TITULO [NR]
Título [NR] Tratado de derecho electoral el nuevo orden político y electoral en Colombia
Mención de responsabilidad, etc. [NR] Guillermo Francisco Reyes González
260 ## - PUBLICACION, DISTRIBUCION, ETC. (PIE DE IMPRENTA) [R]
Lugar de publicación, distribución, etc. [R] Bogotá (Colombia)
Nombre del editor, distribuidor, etc. [R] fundación Konrad Adenauer Stiftung
Fecha de publicación, distribución, etc. [R] 2004
300 ## - DESCRIPCION FISICA [R]
Extensión [R] 824 páginas
504 ## - NOTA DE BIBLIOGRAFIA, ETC. [R]
Nota de bibliografía, etc. [NR]
650 04 - ASIENTO SECUNDARIO DE MATERIA - TERMINO TEMATICO [R]
Término temático o nombre geográfico como elemento de entrada [NR] Derecho constitucional
9 (RLIN) 12725
650 04 - ASIENTO SECUNDARIO DE MATERIA - TERMINO TEMATICO [R]
Término temático o nombre geográfico como elemento de entrada [NR] Derecho electoral
Subdivisión geográfica [R] Colombia
9 (RLIN) 50104
650 04 - ASIENTO SECUNDARIO DE MATERIA - TERMINO TEMATICO [R]
Término temático o nombre geográfico como elemento de entrada [NR] Elecciones
Subdivisión general [R] Legislación
Subdivisión geográfica [R] Colombia
9 (RLIN) 13957
650 04 - ASIENTO SECUNDARIO DE MATERIA - TERMINO TEMATICO [R]
Término temático o nombre geográfico como elemento de entrada [NR] Participación política
Subdivisión geográfica [R] Colombia
9 (RLIN) 27484
650 04 - ASIENTO SECUNDARIO DE MATERIA - TERMINO TEMATICO [R]
Término temático o nombre geográfico como elemento de entrada [NR] Partidos políticos
9 (RLIN) 7900
650 04 - ASIENTO SECUNDARIO DE MATERIA - TERMINO TEMATICO [R]
Término temático o nombre geográfico como elemento de entrada [NR] Partidos políticos
Subdivisión geográfica [R] Colombia
9 (RLIN) 37930
650 04 - ASIENTO SECUNDARIO DE MATERIA - TERMINO TEMATICO [R]
Término temático o nombre geográfico como elemento de entrada [NR] Sufragio
Subdivisión geográfica [R] Colombia
9 (RLIN) 24927
651 ## - ASIENTO SECUNDARIO DE MATERIA - NOMBRE GEOGRAFICO [R]
Nombre geográfico [NR] Colombia
Subdivisión general [R] Derecho constitucional
9 (RLIN) 30641
942 ## - ELEMENTOS DE ENTRADA AGREGADOS (KOHA)
Tipo de ítem principal el descrito en 300a Libro
Tema principal Derecho
Edición 1
Parte restante de la signatura top. R457t
Sistema de clasificación DEWEY
Clasificación 342.07861
Existencias
Fecha de último préstamo Total préstamos Signatura topográfica Código de barras Última vez visto Ejemplar Price effective from Tipo de ítem Perdido Sistema de clasificación Dañado No prestable Tipo de ítem específico Suprimido Ubicación habitual Ubicación actual Localización Fecha de creación Forma de adquisición Costo Total Renewals
08/08/2019 29 342.07861 R457t 100073508 08/06/2024 Ej.3 03/02/2013 Libro   DEWEY     Libro   Bodega Bodega 3er piso 28/02/2005 Donación 26000.00 5
27/11/2009 26 342.07861 R457t 100071795 12/06/2026 Ej.1 03/02/2013 Libro de reserva   DEWEY     Libro de reserva   Claustro Claustro 3er piso 28/02/2005 Donación 26000.00  
22/08/2019 37 342.07861 R457t 100072786 12/06/2026 Ej.2 03/02/2013 Libro   DEWEY     Libro   Claustro Claustro 3er piso 28/02/2005 Donación 26000.00 6